| 000 | 00850nam a22001577a 4500 | ||
|---|---|---|---|
| 003 | LRUA | ||
| 005 | 20210908084541.0 | ||
| 008 | 210818b xxu||||| |||| 00| 0 eng d | ||
| 040 | _cRUA | ||
| 082 | _aVEM KEN 2014 B434 Or. | ||
| 100 |
_914662 _aកេង រតនា, KENG RATHANA |
||
| 245 | _aប្រសិទ្ធភាពអង់ទីប៊ីយ៉ូទិចបីប្រភេទលើជំងឺរាកកូនជ្រូកអំឡុងពេលបំបៅដោះ នៅកសិដ្ឋានមិន គឹម សាន ស្រុកគងពិសីខេត្តកំពង់ស្ពឺ, effect of three antibiotics on diaeehea of suckling piglets at min kimsan farm kong pisei district, kampong speu provincee | ||
| 260 |
_aphnom penh _brua _c2014 |
||
| 300 |
_aix, 42p _bill, _c29cm, |
||
| 942 |
_2ddc _cVEM |
||
| 999 |
_c19721 _d19721 |
||